000 00879nam a22002897a 4500
003 CHAP
005 20220329134922.0
008 971013s1938 r 00010 d
010 _a28071
011 _a29043
035 _a33154
040 _cCHAP
082 _a611.018
_bL35
100 0 0 _aLambert, Avery E.
_964557
245 _aIntroduction and guide to the study of histology
260 _aPhiladelphia :
_bBlakiston,
_c1938
300 _a542 p.
_b: ilus.
590 _aBATCH-UPD
_b10
_c20130110
_lUCH01
_h0239
590 _aBATCH-UPD
_b10
_c20130110
_lUCH01
_h2055
590 _aBATCH-UPD
_b10
_c20130410
_lUCH01
_h1408
590 _aBATCH-UPD
_b10
_c20130914
_lUCH01
_h1617
590 _aCONVERSION
_b10
_c20130109
_lUCH01
_h1316
650 1 4 _aHistologĂ­a.
_955591
901 _aBK
942 _cLIBRO
949 _a611.018 L35
_bBC
_cLIBRO
_d33724000011755
_eLIBRO
_h18324
_i33154
_si
999 _c28071
_d28071